000 01955cam a22004574i 4500
003 PE-LiUPU
005 20250731173521.0
008 150616s r 000 0 d
020 _a0871629917
035 _a(Sirsi) i9780871629913
040 _aPE-LiUPU
_bspa
_cPE-LiUPU
_erda
049 _aPRUA
082 0 4 _a254.502
_bW74
_221
100 1 _aWithrow, Oral,
_eautor.
245 1 0 _aOur Church Can Grow.
264 1 _aIndiana :
_bWarner Press,
_c1991.
300 _a224 páginas ;
_c19 centímetros
336 _atext
_2rdacontent
337 _aunmediated
_2rdamedia
338 _avolume
_2rdacarrier
505 0 _aWe Could Grow.- A Biblical Basis for Church Growth.- The Numbers Game.- A Word of Caution from the Theologians.- Ways to Grow a Church.- Church Growth Is Multidimensional.- The Church Grows Upward through Worship.- Church Growth Principles.- The Church of God and the Church Growth Movement.- Renewal.- The Pastor Is a Key to Growth.- The Samll Church Can Grow.- A Multiple Staff for the Growing Church.- The Challenge of Church Planting.- Six Crucial Issues Affecting Growth in the Local Church.- Powerful Currents Affecting Church Growth in the 1990.
526 _aSEG42
526 _aSEG41
526 _aSEG40
526 _aSEG39
526 _aP94
526 _aP87
526 _aP86
526 _aP85
526 _aP77
526 _aP76
526 _aP35
650 0 4 _aCRECIMIENTO DE IGLESIA - COMPENDIOS, MANUALES, ETC.
910 _ajck
_bjvq
_cjck
942 _2ddc
_cBOOK
949 _a254.502 W74
_wDEWEY
_c1
_i41870
_lCCODEBUL1
_mBUL
_r0
_sY
_tBOOK
_u2015-6-16
_xTEOLOGIA
_zUNKNOWN
_0COMPRA
_o.STAFF. Colección General
994 _aC0
_bPEPRU
596 _a1
999 _a254.502 W74
_wDEWEY
_c59632
_i41870
_f2021-11-10
_g5
_lCCODEBUL1
_mBUL
_r0
_sY
_tBOOK
_u2015-6-16
_xTEOLOGIA
_zUNKNOWN
_0COMPRA
_o.STAFF. Colección General
_d59632
980 _81
_gALBERTO SANCHEZ Responsable de Automatización